al-Lughah al-shāʻirah, (Record no. 50652)

MARC details
000 -LEADER
fixed length control field 00655cam a22002051 4500
001 - CONTROL NUMBER
control field ne 68002990
003 - CONTROL NUMBER IDENTIFIER
control field DLC
005 - DATE AND TIME OF LATEST TRANSACTION
control field 20260227111845.0
008 - FIXED-LENGTH DATA ELEMENTS--GENERAL INFORMATION
fixed length control field 890202s1968 ua 000 0 arar
010 ## - LIBRARY OF CONGRESS CONTROL NUMBER
LC control number ne 68002990
035 ## - SYSTEM CONTROL NUMBER
System control number (OCoLC)19097662
040 ## - CATALOGING SOURCE
Original cataloging agency DLC
Transcribing agency CU
Modifying agency CU
-- DLC
042 ## - AUTHENTICATION CODE
Authentication code premarc
050 00 - LIBRARY OF CONGRESS CALL NUMBER
Classification number PJ6095
Item number .A65 1968
100 1# - MAIN ENTRY--PERSONAL NAME
Personal name ʻAqqād, ʻAbbās Maḥmūd,
Dates associated with a name 1889-1964.
245 13 - TITLE STATEMENT
Title al-Lughah al-shāʻirah,
Remainder of title mazāyā al-fann wa-al-taʻbīr fī al-lughah al-ʻArabīyah.
Statement of responsibility, etc. Bi-qalam ʻAbbās Maḥmūd al- ʻAqqād.
260 ## - PUBLICATION, DISTRIBUTION, ETC.
Place of publication, distribution, etc. [al-Qāhirah]
Name of publisher, distributor, etc. Maktabat Gharīb
Date of publication, distribution, etc. [1968]
300 ## - PHYSICAL DESCRIPTION
Extent 166 p.
Dimensions 20 cm.
650 #0 - SUBJECT ADDED ENTRY--TOPICAL TERM
Topical term or geographic name entry element Arabic language.

No items available.

Powered by Koha